000 00684nam a2200193 a 4500
001 000031491
005 20240301142627.0
008 110627s1952 dr c 000 0 spa d
040 _aDO-SdBNP
_bspa
_cBNPHU
082 _axxxx
_bN789u
100 1 _aNolasco, Sócrates,
_d1884-1980
_922323
245 1 4 _aUna provincia folklorica :
_bCuba, Puerto Rico y Santo Domingo /
_cSócrates Nolasco.
260 _aSantiago de Cuba :
_bUniversidad de Oriente,
_c1952.
300 _a32 p. :
_bretr. ;
_c24 cm.
490 1 _aUniversidad de Oriente
_v19
504 _aIncluye referencias bibliográficas y notas al pie de las páginas.
830 0 _aUniversidad de Oriente
_v19
_957876
049 _aBNPD
999 _c30983
_d30983